National commission for development planning economic report 1979 (Record no. 78706)

MARC details
000 -LEADER
fixed length control field 00945nam a2200181 a 4500
008 - FIXED-LENGTH DATA ELEMENTS--GENERAL INFORMATION
fixed length control field 150519s1980 ||||||||||||||||| || u
050 ## - LIBRARY OF CONGRESS CALL NUMBER
Classification number GOV.ZAM(058)ER/1980A
110 ## - MAIN ENTRY--CORPORATE NAME
Corporate name or jurisdiction name as entry element Government of the Republic of Zambia. Ministry of Finance, National Commission for Development Planning (NCDP)
245 10 - TITLE STATEMENT
Title National commission for development planning economic report 1979
Statement of responsibility, etc. By the National Commission for Development Planning
260 ## - PUBLICATION, DISTRIBUTION, ETC.
Place of publication, distribution, etc. Lusaka:
Name of publisher, distributor, etc. NCDP
Date of publication, distribution, etc. 1980
300 ## - PHYSICAL DESCRIPTION
Extent 116p.; ill.
350 ## -
-- 0.00
650 ## - SUBJECT ADDED ENTRY--TOPICAL TERM
Topical term or geographic name entry element ZAMBIA--ECONOMIC CONDITIONS
650 #0 - SUBJECT ADDED ENTRY--TOPICAL TERM
Topical term or geographic name entry element AFRICA--ECONOMIC CONDITIONS
650 ## - SUBJECT ADDED ENTRY--TOPICAL TERM
Topical term or geographic name entry element ECONOMIC DEVELOPMENT--PLANNING
995 ## -
-- SPECIAL COLLECTIONS
-- 03003893
-- CBU-MAIN LIBRARY (Kitwe)
-- 0.00
-- GOV.ZAM(058)ER/1980A
-- 1
-- AVAILABLE
-- May 19, 2015
-- 03003893
-- Zambiana Collection
995 ## -
-- SPECIAL COLLECTIONS
-- 03004806
-- CBU-MAIN LIBRARY (Kitwe)
-- 0.00
-- GOV.ZAM(058)ER/1980B
-- 2
-- AVAILABLE
-- May 19, 2015
-- 03004806
-- Zambiana Collection
999 ## -
-- 78706
-- 78706
Holdings
Withdrawn status Lost status Source of classification or shelving scheme Damaged status Not for loan Permanent Location Current Location Shelving location Date acquired Total Checkouts Full call number Barcode Date last seen Copy number Price effective from Koha item type
          CBU-MAIN LIBRARY, KITWE. CBU-MAIN LIBRARY, KITWE.   06/06/2023   GOV.ZAM(058)ER/1980A 03003893 06/06/2023 1 06/06/2023 SPECIAL COLLECTION
          CBU-MAIN LIBRARY, KITWE. CBU-MAIN LIBRARY, KITWE.   06/06/2023   GOV.ZAM(058)ER/1980B 03004806 06/06/2023 2 06/06/2023 SPECIAL COLLECTION